Ancient boats in N.W. Europe : the archaeology of water transport to AD 1500 /

Bibliographic Details
Main Author: McGrail, Sean
Format: Book
Language:English
Published: London ; New York : Longman, 1987.
Series:Longman archaeology series.
Subjects:

MARC

Tag First Indicator Second Indicator Subfields
LEADER 00000cam a2200000 a 4500
001 in00000017654
005 20151007053453.0
008 851023s1987 enka b 00110 eng
010 |a  85024022  
020 |a 058249267X 
035 |a (OCoLC)12807887 
035 |9 AAB1768AM 
040 |a DLC  |c DLC  |d TXA  |d UtOrBLW 
043 |a ew-----  |a en----- 
049 |a TXAM  |c [A11083848] 
050 0 0 |a VM55  |b .M36 1987 
082 0 |a 623.8/21/0936  |2 19 
100 1 |a McGrail, Sean. 
245 1 0 |a Ancient boats in N.W. Europe :  |b the archaeology of water transport to AD 1500 /  |c Sean McGrail. 
264 1 |a London ;  |a New York :  |b Longman,  |c 1987. 
300 |a xx, 321 pages :  |b illustrations ;  |c 26 cm. 
336 |a text  |b txt  |2 rdacontent 
337 |a unmediated  |b n  |2 rdamedia 
338 |a volume  |b nc  |2 rdacarrier 
490 1 |a Longman archaeology series 
504 |a Bibliography: pages [286]-297. 
500 |a Includes index. 
650 0 |a Shipbuilding  |z Europe  |x History. 
650 0 |a Shipbuilding  |z Europe, Northern  |x History. 
650 0 |a Ships, Ancient  |z Europe. 
650 0 |a Ships, Ancient  |z Europe, Northern. 
830 0 |a Longman archaeology series. 
999 |a MARS 
999 f f |s 0b700d14-c97e-3dbf-9d26-8f79cc3f7d94  |i 47ee2591-7bfd-3fcd-aa52-753792cfe7c9  |t 0 
952 f f |p normal  |a Texas A&M University  |b College Station  |c Sterling C. Evans Library  |d Evans: Library Stacks  |t 0  |e VM55 .M36 1987  |h Library of Congress classification  |i unmediated -- volume  |m A14811083848 
998 f f |a VM55 .M36 1987  |t 0  |l Evans: Library Stacks